Cet élève est il en Seconde A ou en Seconde B ? - My Hero Academia - Statistiques

Statistiques générales
  • Ce quiz a été pris 633 fois
  • Le résultat moyen est 34 sur 40
Statistiques - réponses
Hint Réponse % Correct
Shoto Todoroki Seconde A
94%
Izuku Midoriya Seconde A
93%
Minoru Mineta Seconde A
93%
Fumikage Tokoyami Seconde A
93%
Katsuki Bakugo Seconde A
92%
Ochaco Uraraka Seconde A
92%
Tsuyu Asui Seconde A
92%
Tenya Iida Seconde A
91%
Eijiro Kirishima Seconde A
91%
Denki Kaminari Seconde A
91%
Momo Yaoyorozu Seconde A
90%
Sen Kaibara Seconde B
90%
Shihai Kuroiro Seconde B
89%
Pony Tsunotori Seconde B
89%
Manga Fukidashi Seconde B
89%
Yosetsu Awase Seconde B
88%
Mina Ashido Seconde A
87%
Kinoko Komori Seconde B
87%
Jurota Shishida Seconde B
87%
Kosei Tsuburaba Seconde B
86%
Hiryu Rin Seconde B
86%
Reiko Yanagi Seconde B
85%
Ibara Shiozaki Seconde B
84%
Juzo Honenuki Seconde B
84%
Koji Koda Seconde A
83%
Hanta Sero Seconde A
82%
Yuga Aoyama Seconde A
82%
Kojiro Bondo Seconde B
82%
Kyoka Jiro Seconde A
81%
Setsuna Tokage Seconde B
80%
Yui Kodai Seconde B
80%
Togaru Kamakiri Seconde B
80%
Nirengeki Shoda Seconde B
80%
Itsuka Kendo Seconde B
79%
Mezo Shoji Seconde A
78%
Neito Monoma Seconde B
75%
Toru Hagakure Seconde A
73%
Tetsutetsu Tetsutetsu Seconde B
73%
Mashirao Ojiro Seconde A
69%
Rikido Sato Seconde A
63%
Aucun quiz correspondant
Distribution des résultats
% des personnes avec chaque résultat
Percentile par nombre de réponses
Votre historique - résultats
Vous n’avez pas pris ce quiz